Mort subite Football World Cup winners - Statistiques

Statistiques générales
  • Ce quiz a été pris 866 fois
    802 depuis la dernière actualisation
  • Le résultat moyen est 9 sur 17
Answers on the Grid
Answers color-coded by a green-red scale on the quiz's grid according to % correct below.
Adil Rami
Cristiano Ronaldo
Alejandro Garnacho
Samir Khedira
David Villa
Rivaldo
Christian Karembeu
Neymar
Iker Casillas
Vinicius Junior
Ruud Van Nistelrooy
Gareth Bale
Ronaldo Nazario
Phillip Lahm
Eric Cantona
Mario Götze
Florent Thauvin
Xabi Alonso
Xavi
Kyllian Mbappé
Paolo Maldini
Serge Aguero
Clarence Seedorf
David Ginola
Rodrigo De Paul
Cafu
Arjen Robben
Radamel Falcao
Cesc Fabregas
Alphonse Areola
 
Statistiques - réponses
Réponse % Correct
Adil Rami
95%
Iker Casillas
63%
Kyllian Mbappé
60%
Xavi
59%
David Villa
56%
Rivaldo
55%
Mario Götze
54%
Ronaldo Nazario
52%
Florent Thauvin
50%
Phillip Lahm
50%
Xabi Alonso
49%
Samir Khedira
45%
Cafu
42%
Christian Karembeu
41%
Rodrigo De Paul
41%
Alphonse Areola
39%
Cesc Fabregas
32%
Aucun quiz correspondant
Distribution des résultats
% des personnes avec chaque résultat
Percentile par nombre de réponses
Votre historique - résultats
Vous n’avez pas pris ce quiz depuis la dernière actualisation